72. generálne zasadnutie IEC

Bibliographic Details
Main Author: Svatík, Andrej (Author)
Format: Article
Language:Slovak

MARC

LEADER 00000nab a2200000 a 4500
001 vtls010706287
003 SK-MaSNL
005 20260304192450.0
008 250709s2008 xo |||||||||||||||||slo|
035 |a (urnnbn)urn:nbn:sk:snk:ar-a0412b 
035 |a (uuid)2c2f30f1-8aff-4f95-8c87-087d02f4ab51 
035 |a urn:nbn:sk:snk-ab3an1 
040 |a SNKBUCL  |b slo  |c SNKBUCL  |e AACR2 
041 0 |a slo 
044 |a xo  |c SK 
100 1 |a Svatík, Andrej  |4 aut  |9 540565 
245 1 0 |a 72. generálne zasadnutie IEC  |c Andrej Svatík 
773 0 |t Normalizácia : odborný časopis pre technickú normalizáciu  |g Roč. 14, č. 4 (2008), s. 36-41 
850 |a Slovenská národná knižnica 
852 |a Slovenská národná knižnica 
954 |a odborná, vedecká literatúra pôvodná (slovenská)  |2 lita 
958 |a article1 
958 |a OND 
958 |a EUIPO 
999 |c 3062113  |d 3064043